• 首页
  • 本馆介绍
  • 公告通知
  • 最新文献
  • 馆藏检索
  • 电子资源
  • 读者导购
  • 参考咨询
  • 我的图书馆
  • 登录
  • 详细信息显示
  • 放入我的书架
  • 预约/预借图书
  • 作者相关作品
  • 分类相关作品
  • 丛书相关作品
  • 出版社相关作品

书目信息

  • 表格格式
  • 工作单格式
  • 卡片格式
题名:
常用化工原料手册
    
 
作者: 刘荣贵 主编
分册:  
出版信息: 北京   电子工业出版社  1988.5
页数: 404页
开本: 19cm
丛书名:
单 册:
中图分类: TQ042-62
科图分类:
主题词: 化学工业--原料--手册
电子资源:
ISBN: 7-5053-0248-5
000 00628nam0 2200217 45
001 0189027579
005 20051212090436.28
010    @a7-5053-0248-5@dCNY4.50
020    @aCN@b89027579
100    @a19911017d1988 m y0chiy0120 ea
101 0  @achi
102    @aCN@b110000
105    @ay z 000yy
200 10 @a常用化工原料手册@Achang yong hua gong yuan liao shou ce@f刘荣贵主编@Fliu rong gui zhu bian
210    @a北京@c电子工业出版社@d1988.5
215    @a404页@d19cm
606 0  @a化学工业@x原料@x手册
690    @aTQ042-62@v3
701  0 @a刘荣贵@Aliu rong gui@4主编
801  0 @aCN@bNLC@c20051212
905    @dTQ042-62@e34
    
    常用化工原料手册/刘荣贵主编.-北京:电子工业出版社,1988.5
    404页;19cm
    
    
    ISBN 7-5053-0248-5:CNY4.50
    
●
相关链接 在E读中查询图书 在五车中查询图书 在当当中查询图书 在豆瓣中查询图书


正题名:常用化工原料手册     索取号:TQ042-62/34         预约/预借

序号 登录号 条形码 馆藏地/架位号 状态 备注
1 0248132   202164601   密集书库/ [索取号:TQ042-62/34] 在馆    
2 0248133   001646437   密集书库/ [索取号:TQ042-62/34] 在馆    
3 0248134   001646446   密集书库/ [索取号:TQ042-62/34] 在馆    
4 0248135   001646455   第三借阅区/ [索取号:TQ042-62/34] 在馆    
5 0248136   202124432   第二样本阅览室/ [索取号:TQ042-62/34] 在馆    
唐山师范学院图书馆 欢迎您!
大连网信软件有限公司© 版权所有